Introduction to the theory of games

Salvato in:
Dettagli Bibliografici
Autore principale: Burger, Ewald (Autore)
Natura: Libro
Lingua:inglese
Pubblicazione: Englewood Cliffs Prentice-Hall 1963
Soggetti:
Tags: Aggiungi Tag
Nessun Tag, puoi essere il primo ad aggiungerne!!

MARC

LEADER 00000nam a2200000 a 4500
001 UCW1238
003 CL-VaPUC
008 911216e19630000US |||||||||||||||||eng|d
082 0 4 |a 519.3  |b BUR  |2 21 
100 0 |a Burger, Ewald  |e author  |9 305149 
245 1 0 |a Introduction to the theory of games 
300 |a 202 p 
942 |c BK 
945 |d 19911216 00:00:00 
260 |a Englewood Cliffs  |b Prentice-Hall  |c 1963 
650 0 |a Teoría de juegos  |9 263826 
583 |a last modification  |c 20120529 12:20:36  |k Rodrigo Vera 
999 |c 216157  |d 216155 
952 |0 0  |1 0  |4 0  |6 519_300000000000000_BUR_1963  |7 0  |8 A  |9 201649  |a BIBGIM  |b BIBGIM  |d 2019-11-14  |i 2689014  |o 519.3 BUR 1963  |p 2689014  |r 2025-01-15  |w 2019-11-14  |y BK  |k EST